Online
Catalog

L'Europe et la revolution francaise / (Record no. 2374)

MARC details
000 -CABECERA
campo de control de longitud fija 01139nam a2200217 a 4500
001 - NÚMERO DE CONTROL
campo de control 000002538
005 - FECHA Y HORA DE LA ÚLTIMA TRANSACCIÓN
campo de control 20200929150217.0
008 - DATOS DE LONGITUD FIJA--INFORMACIÓN GENERAL
campo de control de longitud fija 040929m1948 fr b 001 0 fre
040 ## - FUENTE DE LA CATALOGACIÓN
Centro catalogador/agencia de origen DO-SdBNP
Lengua de catalogación spa
Centro/agencia transcriptor BNPHU
082 ## - NÚMERO DE LA CLASIFICACIÓN DECIMAL DEWEY
Número de clasificación 944.04
Número de documento/Ítem S713e
100 1# - ENTRADA PRINCIPAL--NOMBRE DE PERSONA
Nombre de persona Sorel, Albert,
Fechas asociadas al nombre 1842-1906.
9 (RLIN) 7976
245 12 - MENCIÓN DE TÍTULO
Título L'Europe et la revolution francaise /
Mención de responsabilidad, etc. Albert Sorel.
260 ## - PUBLICACIÓN, DISTRIBUCIÓN, ETC.
Lugar de publicación, distribución, etc. Paris :
Nombre del editor, distribuidor, etc. le petits fils de plon et nourrit,
Fecha de publicación, distribución, etc. [1948].
300 ## - DESCRIPCIÓN FÍSICA
Extensión 8 v. ;
Dimensiones 23 cm.
505 0# - NOTA DE CONTENIDO CON FORMATO
Nota de contenido con formato v. 1. Las paredes y las tradiciones políticas - v. 2. La caída de la monarquía - v. 3. La guerra contra los reyes, 1792-1793 - v. 4. Los límites naturales, 1794-1795 - v. 5. Bonaparte y el Directorio, 1795-1799 - v. 6. La tregua: Lunéville y Amiens, 1800-1805 - v. 7. El bloqueo continental: el gran imperio, 1806-1812 - v. 8. La coalición, los proyectos de 1815, 1812-1815.
500 ## - NOTA GENERAL
Nota general La biblioteca posee los volúmenes 5 y 8.
504 ## - NOTA DE BIBLIOGRAFÍA, ETC.
Nota de bibliografía, etc. Incluye referencias bibliográficas.
651 #4 - PUNTO DE ACCESO ADICIONAL DE MATERIA--NOMBRE GEOGRÁFICO
Nombre geográfico Francia
Subdivisión general Revoluci{On
-- Historia
Subdivisión cronológica 1789-1815.
9 (RLIN) 7977
651 #4 - PUNTO DE ACCESO ADICIONAL DE MATERIA--NOMBRE GEOGRÁFICO
Nombre geográfico Europa
Subdivisión general Historia
Subdivisión cronológica 1789-1815.
9 (RLIN) 7978
710 1# - PUNTO DE ACCESO ADICIONAL--NOMBRE DE ENTIDAD CORPORATIVA
Nombre de entidad corporativa o nombre de jurisdicción como elemento de entrada John Boyd Thacher Collection (Library of Congress)
9 (RLIN) 7979
Holdings
Estado de retiro Estado de pérdida Restricciones de uso No para préstamo Código de colección Localización permanente Ubicación/localización actual Ubicación en estantería Fecha de adquisición Número de inventario Total de préstamos Signatura topográfica completa Código de barras Fecha visto por última vez Precio válido a partir de Tipo de ítem Koha
    Préstamo interno   Monografías: Libros y Folletos General General En catalogación 21.09.2009 LF1   t.5 2538-10 25.06.2020 25.06.2020 Préstamo interno
    Préstamo interno   Monografías: Libros y Folletos General General En catalogación 21.09.2009 LF1   t.8 2538-20 25.06.2020 25.06.2020 Préstamo interno

Powered by Koha